Restructuring of dot in the light of national telecom policy 1994 (Record no. 481078)

000 -LEADER
fixed length control field 00437cam a22001337a 4500
008 - FIXED-LENGTH DATA ELEMENTS--GENERAL INFORMATION
fixed length control field 180718b1995 xxu||||| |||| 00| 0 eng d
082 ## - DEWEY DECIMAL CLASSIFICATION NUMBER
Classification number APPPA 94-95 AGR
100 ## - MAIN ENTRY--PERSONAL NAME
Personal name Agrawal, D.K.
245 ## - TITLE STATEMENT
Title Restructuring of dot in the light of national telecom policy 1994
Statement of responsibility, etc. by D.K. Agrawal
260 ## - PUBLICATION, DISTRIBUTION, ETC.
Place of publication, distribution, etc. New Delhi
Name of publisher, distributor, etc. Indian Institute of Public Administration
Date of publication, distribution, etc. 1995
300 ## - PHYSICAL DESCRIPTION
Extent v.p.
650 ## - SUBJECT ADDED ENTRY--TOPICAL TERM
Topical term or geographic name entry element APPPA
650 ## - SUBJECT ADDED ENTRY--TOPICAL TERM
Topical term or geographic name entry element Telecommunication Policy - India
Holdings
Withdrawn status Lost status Damaged status Not for loan Permanent Location Current Location Date acquired Full call number Barcode Date last seen Price effective from Koha item type
        Indian Institute of Public Administration Indian Institute of Public Administration 2018-08-04 APPPA 94-95 AGR GR14014 2018-08-04 2018-08-04 GR

Powered by Koha